{"text_format":"3","workbook":"xlsx","n_sheets":1,"sheets":["t312"],"read":"whole","date_system":"1900"}

{"sheet":"t312","index":0,"n_rows":195,"n_cols":7,"rows_kept":195,"merged":[[0,0,0,6],[28,0,28,5],[44,0,44,5],[151,0,151,5]]}
["TABELA 312.1 - Estatísticas Agrícolas, Município de Lupércio, Estado de São Paulo, 2016/17."]
["ITEM","UNIDADE","N.DE UPAs","MÍNIMO","MÉDIO","MÁXIMO","TOTAL"]
["Distância à sede do município","km",205,{"v":0,"d":"0.0"},{"v":7.79,"d":"7.8"},{"v":23,"d":"23.0"},"-"]
["Área total","hectare",205,0.5,{"v":75.62,"d":"75.6"},{"v":3216,"d":"3,216.0"},{"v":15501.7,"d":"15,501.7"}]
["Área com cultura perene","hectare",89,0.1,{"v":14.46,"d":"14.5"},229.2,{"v":1286.8,"d":"1,286.8"}]
["Área com cultura temporária","hectare",72,0.1,{"v":28.86,"d":"28.9"},488.8,{"v":2077.8,"d":"2,077.8"}]
["Área com pastagem","hectare",168,0.1,{"v":46.28,"d":"46.3"},855.6,{"v":7774.5,"d":"7,774.5"}]
["Área com reflorestamento","hectare",58,0.1,{"v":3.57,"d":"3.6"},33.9,207.1]
["Área com vegetação natural","hectare",135,0.1,{"v":19.46,"d":"19.5"},{"v":1178.6,"d":"1,178.6"},{"v":2626.9,"d":"2,626.9"}]
["Área com vegetação de brejo e várzea","hectare",147,0.1,{"v":8.57,"d":"8.6"},433.8,{"v":1259.6,"d":"1,259.6"}]
["Área em descanso","hectare",14,0.1,3.6,12.1,50.4]
["Área complementar","hectare",145,0.1,{"v":1.51,"d":"1.5"},33.8,218.6]
["Área das UPAs com (0, 1] ha","hectare",12,0.5,{"v":0.63,"d":"0.6"},{"v":1,"d":"1.0"},7.5]
["Área das UPAs com (1, 2] ha","hectare",5,1.1,1.4,{"v":2,"d":"2.0"},{"v":7,"d":"7.0"}]
["Área das UPAs com (2, 5] ha","hectare",26,2.2,{"v":3.39,"d":"3.4"},{"v":5,"d":"5.0"},88.2]
["Área das UPAs com (5, 10] ha","hectare",22,5.1,{"v":7.21,"d":"7.2"},9.6,158.6]
["Área das UPAs com (10, 20] ha","hectare",32,10.1,{"v":14.01,"d":"14.0"},19.7,448.2]
["Área das UPAs com (20, 50] ha","hectare",53,21.5,31.1,48.4,{"v":1648.2,"d":"1,648.2"}]
["Área das UPAs com (50, 100] ha","hectare",22,50.5,74.2,{"v":99,"d":"99.0"},{"v":1632.5,"d":"1,632.5"}]
["Área das UPAs com (100, 200] ha","hectare",18,{"v":102,"d":"102.0"},{"v":137.55,"d":"137.6"},185.6,{"v":2475.9,"d":"2,475.9"}]
["Área das UPAs com (200, 500] ha","hectare",10,{"v":213,"d":"213.0"},{"v":349.67,"d":"349.7"},492.7,{"v":3496.7,"d":"3,496.7"}]
["Área das UPAs com (500, 1.000] ha","hectare",4,514.7,{"v":580.73,"d":"580.7"},657.3,{"v":2322.9,"d":"2,322.9"}]
["Área das UPAs com (1.000, 2.000] ha","hectare","-","-","-","-","-"]
["Área das UPAs com (2.000, 5.000] ha","hectare",1,{"v":3216,"d":"3,216.0"},{"v":3216,"d":"3,216.0"},{"v":3216,"d":"3,216.0"},{"v":3216,"d":"3,216.0"}]
["Área das UPAs com (5.000, 10.000] ha","hectare","-","-","-","-","-"]
["Área das UPAs acima de 10.000 ha","hectare","-","-","-","-","-"]
["Fonte: Secretaria de Agricultura e Abastecimento, CDRS/IEA, Projeto LUPA."]
[]
["TABELA 312.2 - Explorações Animais, Município de Lupércio, Estado de São Paulo, 2016/17."]
["ITEM","UNIDADE","N.DE UPAs","MÍNIMO","MÉDIO","MÁXIMO","TOTAL"]
["Asininos e muares","cabecas",21,{"v":1,"d":"1.0"},{"v":2.05,"d":"2.1"},{"v":8,"d":"8.0"},{"v":43,"d":"43.0"}]
["Avicultura de corte","cabecas/ano",3,{"v":20,"d":"20.0"},{"v":50,"d":"50.0"},{"v":80,"d":"80.0"},{"v":150,"d":"150.0"}]
["Avicultura para ovos","cabecas",29,{"v":6,"d":"6.0"},{"v":51,"d":"51.0"},{"v":150,"d":"150.0"},{"v":1479,"d":"1,479.0"}]
["Bovinocultura de corte","cabecas",105,{"v":2,"d":"2.0"},{"v":102.88,"d":"102.9"},{"v":992,"d":"992.0"},{"v":10802,"d":"10,802.0"}]
["Bovinocultura leiteira","cabecas",35,{"v":4,"d":"4.0"},{"v":22.49,"d":"22.5"},{"v":70,"d":"70.0"},{"v":787,"d":"787.0"}]
["Bovinocultura mista","cabecas",11,{"v":5,"d":"5.0"},{"v":29.45,"d":"29.5"},{"v":130,"d":"130.0"},{"v":324,"d":"324.0"}]
["Caprinocultura","cabecas",1,{"v":3,"d":"3.0"},{"v":3,"d":"3.0"},{"v":3,"d":"3.0"},{"v":3,"d":"3.0"}]
["Equinocultura","cabecas",67,{"v":1,"d":"1.0"},{"v":3.88,"d":"3.9"},{"v":34,"d":"34.0"},{"v":260,"d":"260.0"}]
["Helicicultura","viveiros",1,{"v":2,"d":"2.0"},{"v":2,"d":"2.0"},{"v":2,"d":"2.0"},{"v":2,"d":"2.0"}]
["Ovinocultura","cabecas",13,{"v":1,"d":"1.0"},{"v":25.38,"d":"25.4"},{"v":150,"d":"150.0"},{"v":330,"d":"330.0"}]
["Piscicultura","m2 tanques",10,{"v":100,"d":"100.0"},645.5,{"v":1500,"d":"1,500.0"},{"v":6455,"d":"6,455.0"}]
["Suinocultura","cabecas",27,{"v":2,"d":"2.0"},{"v":10.78,"d":"10.8"},{"v":40,"d":"40.0"},{"v":291,"d":"291.0"}]
["Fonte: Secretaria de Agricultura e Abastecimento, CDRS/IEA, Projeto LUPA."]
[]
["TABELA 312.3 -  Máquinas, Implementos e Benfeitorias, Município de Lupércio, Estado de São Paulo, 2016/17."]
["ITEM","UNIDADE","N.DE UPAs","MÍNIMO","MÉDIO","MÁXIMO","TOTAL"]
["Arado comum (bacia, aiveca)","unidade",37,{"v":1,"d":"1.0"},{"v":1.03,"d":"1.0"},{"v":2,"d":"2.0"},{"v":38,"d":"38.0"}]
["Arado subsolador","unidade",5,{"v":1,"d":"1.0"},1.2,{"v":2,"d":"2.0"},{"v":6,"d":"6.0"}]
["Batedeira de cereais","unidade",1,{"v":1,"d":"1.0"},{"v":1,"d":"1.0"},{"v":1,"d":"1.0"},{"v":1,"d":"1.0"}]
["Carreta de trator","unidade",42,{"v":1,"d":"1.0"},{"v":1.69,"d":"1.7"},{"v":6,"d":"6.0"},{"v":71,"d":"71.0"}]
["Colhedeira acoplada","unidade",7,{"v":1,"d":"1.0"},{"v":1.14,"d":"1.1"},{"v":2,"d":"2.0"},{"v":8,"d":"8.0"}]
["Colhedeira automotriz","unidade",5,{"v":1,"d":"1.0"},1.2,{"v":2,"d":"2.0"},{"v":6,"d":"6.0"}]
["Computador","unidade",22,{"v":1,"d":"1.0"},{"v":1.41,"d":"1.4"},{"v":6,"d":"6.0"},{"v":31,"d":"31.0"}]
["Conj.irrigacao/gotejamento/microaspersao","unidade",12,{"v":1,"d":"1.0"},{"v":3.17,"d":"3.2"},{"v":10,"d":"10.0"},{"v":38,"d":"38.0"}]
["Desintegrador de palha (plantio direto)","unidade",6,{"v":1,"d":"1.0"},{"v":1.67,"d":"1.7"},{"v":3,"d":"3.0"},{"v":10,"d":"10.0"}]
["Desintegrador, picador, triturador","unidade",42,{"v":1,"d":"1.0"},{"v":1.21,"d":"1.2"},{"v":2,"d":"2.0"},{"v":51,"d":"51.0"}]
["Distribuidor de calcario","unidade",31,{"v":1,"d":"1.0"},{"v":1.45,"d":"1.5"},{"v":5,"d":"5.0"},{"v":45,"d":"45.0"}]
["Ensiladeira","unidade",5,{"v":1,"d":"1.0"},{"v":1,"d":"1.0"},{"v":1,"d":"1.0"},{"v":5,"d":"5.0"}]
["Grade aradora (tipo romi)","unidade",8,{"v":1,"d":"1.0"},{"v":1.13,"d":"1.1"},{"v":2,"d":"2.0"},{"v":9,"d":"9.0"}]
["Grade niveladora","unidade",30,{"v":1,"d":"1.0"},1.1,{"v":2,"d":"2.0"},{"v":33,"d":"33.0"}]
["Implementos para tracao animal","unidade",20,{"v":1,"d":"1.0"},{"v":1.55,"d":"1.6"},{"v":4,"d":"4.0"},{"v":31,"d":"31.0"}]
["Máquina de classificar frutas","unidade",1,{"v":2,"d":"2.0"},{"v":2,"d":"2.0"},{"v":2,"d":"2.0"},{"v":2,"d":"2.0"}]
["Misturador de racao","unidade",4,{"v":1,"d":"1.0"},{"v":1,"d":"1.0"},{"v":1,"d":"1.0"},{"v":4,"d":"4.0"}]
["Mmicrotrator","unidade",7,{"v":1,"d":"1.0"},{"v":1,"d":"1.0"},{"v":1,"d":"1.0"},{"v":7,"d":"7.0"}]
["Ordenhadeira mecanica","unidade",3,{"v":1,"d":"1.0"},{"v":1,"d":"1.0"},{"v":1,"d":"1.0"},{"v":3,"d":"3.0"}]
["Pulverizador tratorizado","unidade",34,{"v":1,"d":"1.0"},{"v":2.15,"d":"2.2"},{"v":6,"d":"6.0"},{"v":73,"d":"73.0"}]
["Resfriador de leite, tanque expansao","unidade",3,{"v":1,"d":"1.0"},{"v":1,"d":"1.0"},{"v":1,"d":"1.0"},{"v":3,"d":"3.0"}]
["Roçadeira costal","unidade",19,{"v":1,"d":"1.0"},{"v":1.21,"d":"1.2"},{"v":2,"d":"2.0"},{"v":23,"d":"23.0"}]
["Roçadeira tratorizada","unidade",41,{"v":1,"d":"1.0"},{"v":1.39,"d":"1.4"},{"v":6,"d":"6.0"},{"v":57,"d":"57.0"}]
["Roçadora","unidade",3,{"v":1,"d":"1.0"},{"v":1.33,"d":"1.3"},{"v":2,"d":"2.0"},{"v":4,"d":"4.0"}]
["Semeadeira/adubadeira para plantio convencional","unidade",3,{"v":1,"d":"1.0"},{"v":1,"d":"1.0"},{"v":1,"d":"1.0"},{"v":3,"d":"3.0"}]
["Terraceador","unidade",1,{"v":1,"d":"1.0"},{"v":1,"d":"1.0"},{"v":1,"d":"1.0"},{"v":1,"d":"1.0"}]
["Trator de pneus  acima de 85 cv","unidade",9,{"v":1,"d":"1.0"},{"v":1.33,"d":"1.3"},{"v":3,"d":"3.0"},{"v":12,"d":"12.0"}]
["Trator de pneus até 65 cv","unidade",27,{"v":1,"d":"1.0"},{"v":1.48,"d":"1.5"},{"v":6,"d":"6.0"},{"v":40,"d":"40.0"}]
["Trator de pneus de 66 cv a 85 cv","unidade",29,{"v":1,"d":"1.0"},{"v":1.72,"d":"1.7"},{"v":9,"d":"9.0"},{"v":50,"d":"50.0"}]
["Acude/represa","unidade",63,{"v":1,"d":"1.0"},{"v":2,"d":"2.0"},{"v":8,"d":"8.0"},{"v":126,"d":"126.0"}]
["Almoxarifado/oficina","unidade",18,{"v":1,"d":"1.0"},{"v":1.22,"d":"1.2"},{"v":2,"d":"2.0"},{"v":22,"d":"22.0"}]
["Armazem para graos ensacados","sacas",12]
["Balanca para bovinos","unidade",4,{"v":1,"d":"1.0"},{"v":1,"d":"1.0"},{"v":1,"d":"1.0"},{"v":4,"d":"4.0"}]
["Balanca para veiculos","unidade",1,{"v":1,"d":"1.0"},{"v":1,"d":"1.0"},{"v":1,"d":"1.0"},{"v":1,"d":"1.0"}]
["Barracao/galpao/garagem","unidade",59,{"v":1,"d":"1.0"},{"v":1.27,"d":"1.3"},{"v":4,"d":"4.0"},{"v":75,"d":"75.0"}]
["Casa de moradia habitada","unidade",88,{"v":1,"d":"1.0"},{"v":1.44,"d":"1.4"},{"v":5,"d":"5.0"},{"v":127,"d":"127.0"}]
["Casa de moradia total","unidade",129,{"v":1,"d":"1.0"},{"v":2.36,"d":"2.4"},{"v":40,"d":"40.0"},{"v":305,"d":"305.0"}]
["Curral/mangueira","unidade",83,{"v":1,"d":"1.0"},{"v":1.04,"d":"1.0"},{"v":2,"d":"2.0"},{"v":86,"d":"86.0"}]
["Deposito/tulha","unidade",77,{"v":1,"d":"1.0"},{"v":1.51,"d":"1.5"},{"v":7,"d":"7.0"},{"v":116,"d":"116.0"}]
["Engenho","unidade",1,{"v":1,"d":"1.0"},{"v":1,"d":"1.0"},{"v":1,"d":"1.0"},{"v":1,"d":"1.0"}]
["Estabulo","unidade",20,{"v":1,"d":"1.0"},{"v":1.05,"d":"1.1"},{"v":2,"d":"2.0"},{"v":21,"d":"21.0"}]
["Estufa/plasticultura","m2",10]
["Fabrica de racao","unidade",1,{"v":1,"d":"1.0"},{"v":1,"d":"1.0"},{"v":1,"d":"1.0"},{"v":1,"d":"1.0"}]
["Instalacoes para equinos","unidade",6,{"v":1,"d":"1.0"},{"v":1,"d":"1.0"},{"v":1,"d":"1.0"},{"v":6,"d":"6.0"}]
["Maquina de beneficio","unidade",20,{"v":1,"d":"1.0"},1.1,{"v":2,"d":"2.0"},{"v":22,"d":"22.0"}]
["Pocilga","unidade",10,{"v":1,"d":"1.0"},{"v":1,"d":"1.0"},{"v":1,"d":"1.0"},{"v":10,"d":"10.0"}]
["Poco semi-artesiano","unidade",31,{"v":1,"d":"1.0"},{"v":1,"d":"1.0"},{"v":1,"d":"1.0"},{"v":31,"d":"31.0"}]
["Secador de graos","unidade",21,{"v":1,"d":"1.0"},{"v":1.62,"d":"1.6"},{"v":6,"d":"6.0"},{"v":34,"d":"34.0"}]
["Silo para graos","ton",1]
["Silo para silagem","ton",1]
["Terreiro","m2",62]
["Fonte: Secretaria de Agricultura e Abastecimento, CDRS/IEA, Projeto LUPA."]
[]
["TABELA 312.4 - Outras Estatísticas Agrícolas, Município de Lupércio, Estado de São Paulo, 2016/17."]
["ITEM","Número de UPAs",null,"Percentual"]
["Faz Parte de Associação de Produtores",14,null,{"v":6.829268292682928,"d":"6.8"}]
["Faz Parte de Cooperativa de Produtores",80,null,{"v":39.02439024390244,"d":"39.0"}]
["Faz Parte do Sindicato de Produtores",3,null,{"v":1.4634146341463417,"d":"1.5"}]
["Não utiliza assistência técnica ",26,null,{"v":12.682926829268293,"d":"12.7"}]
["Utiliza somente assistência técnica governamental ",128,null,{"v":62.4390243902439,"d":"62.4"}]
["Utiliza somente assistência técnica privada ",9,null,{"v":4.390243902439025,"d":"4.4"}]
["Utiliza assistência técnica tanto governamental quanto privada",42,null,{"v":20.48780487804878,"d":"20.5"}]
["Utiliza Crédito Rural",67,null,{"v":32.68292682926829,"d":"32.7"}]
["Utiliza Seguro Rural",1,null,{"v":0.48780487804878053,"d":"0.5"}]
["Utiliza Escrituração Agrícola",73,null,{"v":35.609756097560975,"d":"35.6"}]
["Acessa Internet p/ Fins na Agropecuária",81,null,{"v":39.51219512195122,"d":"39.5"}]
["Utiliza Computador nas Atividades Agropecuárias",82,null,{"v":40,"d":"40.0"}]
["Utiliza Energia Elétrica Para Uso na Atividade Agrícola",139,null,{"v":67.80487804878048,"d":"67.8"}]
["Utiliza Energia Alternativa",3,null,{"v":1.4634146341463417,"d":"1.5"}]
["Realiza Análise de Solo, quando necessário",66,null,{"v":32.19512195121951,"d":"32.2"}]
["Realiza Calagem",75,null,{"v":36.58536585365854,"d":"36.6"}]
["Utiliza Práticas de Conservação de Solo, quando necessário",150,null,{"v":73.17073170731707,"d":"73.2"}]
["Faz Adubação Mineral, quando necessário",120,null,{"v":58.53658536585366,"d":"58.5"}]
["Faz Adubação Orgânica, quando necessário",82,null,{"v":40,"d":"40.0"}]
["Faz Adubação Verde, quando necessário",6,null,{"v":2.9268292682926833,"d":"2.9"}]
["Utiliza Manejo Integrado de Pragas (MIP)",2,null,{"v":0.9756097560975611,"d":"1.0"}]
["Utiliza Hidroponia","-",null,"-"]
["Utiliza Cultivo em Estufa",10,null,{"v":4.878048780487805,"d":"4.9"}]
["Utiliza Mudas Fiscalizadas",75,null,{"v":36.58536585365854,"d":"36.6"}]
["Utiliza Semente Melhorada",53,null,{"v":25.853658536585368,"d":"25.9"}]
["Faz Confinamento de Bovinos","-",null,"-"]
["Utiliza Pastejo Intensivo",17,null,{"v":8.292682926829269,"d":"8.3"}]
["Faz Inseminação Artificial",5,null,{"v":2.4390243902439024,"d":"2.4"}]
["Faz Mineralização do Rebanho",141,null,{"v":68.78048780487805,"d":"68.8"}]
["Faz Vermifugação do Rebanho",141,null,{"v":68.78048780487805,"d":"68.8"}]
["Possui Parceiros /Arrendatários na Exploração Animal",78,null,{"v":38.048780487804876,"d":"38.0"}]
["Existência de trabalhadores c/ deficiência na UPA",1,null,{"v":0.48780487804878053,"d":"0.5"}]
["Esporte e lazer",1,null,{"v":0.48780487804878053,"d":"0.5"}]
["Extração mineral","-",null,"-"]
["Hotel Fazenda, Pousada ou SPA",2,null,{"v":0.9756097560975611,"d":"1.0"}]
["Pesque-pague","-",null,"-"]
["Restaurante ou Lanchonete","-",null,"-"]
["Transformação artesanal","-",null,"-"]
["Turismo rural ou ecoturismo",1,null,{"v":0.48780487804878053,"d":"0.5"}]
["Outras atividades econômicas rurais",2,null,{"v":0.9756097560975611,"d":"1.0"}]
["Agroindústria","-",null,"-"]
["Proprietário sem instrução ou com instrução incompleta",12,null,{"v":5.853658536585367,"d":"5.9"}]
["Proprietário com antigo primário completo",11,null,{"v":5.365853658536586,"d":"5.4"}]
["Proprietário com 1° grau (ou antigo ginasial) completo",69,null,{"v":33.65853658536585,"d":"33.7"}]
["Proprietário com 2° grau (ou antigo colegial) completo",44,null,{"v":21.463414634146343,"d":"21.5"}]
["Proprietário com curso superior completo ",69,null,{"v":33.65853658536585,"d":"33.7"}]
["Pessoa Jurídica","-",null,"-"]
["Proprietário residente na própria UPA ",38,null,{"v":18.53658536585366,"d":"18.5"}]
["Fonte: Secretaria de Agricultura e Abastecimento, CDRS/IEA, Projeto LUPA."]
[]
["TABELA 312.5 - Área Cultivada, Município de Lupércio, Estado de São Paulo, 2016/17."]
["CULTURA","N.DE UPAs","MÍNIMO","MÉDIO","MÁXIMO","TOTAL"]
["Braquiaria",160,0.4,{"v":42.12,"d":"42.1"},855.6,{"v":6739,"d":"6,739.0"}]
["Soja",6,{"v":100,"d":"100.0"},{"v":254.72,"d":"254.7"},488.8,{"v":1528.3,"d":"1,528.3"}]
["Cafe",61,0.1,16.6,130.3,{"v":1012.8,"d":"1,012.8"}]
["Gramas",30,0.1,{"v":32.22,"d":"32.2"},{"v":400,"d":"400.0"},966.5]
["Mandioca",27,0.1,{"v":14.43,"d":"14.4"},63.3,389.7]
["Seringueira",8,{"v":1,"d":"1.0"},{"v":24.71,"d":"24.7"},127.2,197.7]
["Eucalipto",55,0.1,{"v":2.63,"d":"2.6"},33.9,144.8]
["Melancia",2,36.3,{"v":43.15,"d":"43.2"},{"v":50,"d":"50.0"},86.3]
["Coloniao",12,0.5,{"v":5.48,"d":"5.5"},{"v":22,"d":"22.0"},65.8]
["Laranja Industria",2,12.1,{"v":19.55,"d":"19.6"},{"v":27,"d":"27.0"},39.1]
["Outras florestais",3,2.4,{"v":12.83,"d":"12.8"},18.6,38.5]
["Milho safra",7,0.2,{"v":4,"d":"4.0"},{"v":20,"d":"20.0"},{"v":28,"d":"28.0"}]
["Cana-de-acucar outras finalidades",17,0.1,{"v":1.51,"d":"1.5"},4.8,25.6]
["Pinus",2,1.2,11.6,{"v":22,"d":"22.0"},23.2]
["Pomar domestico",32,0.1,{"v":0.33,"d":"0.3"},{"v":2,"d":"2.0"},10.7]
["Limao",5,0.6,2.1,{"v":6,"d":"6.0"},10.5]
["Banana",5,0.5,{"v":1.66,"d":"1.7"},{"v":4,"d":"4.0"},8.3]
["Coco-da-baia",2,0.2,{"v":3.25,"d":"3.3"},6.3,6.5]
["Abobora (ou jerimum)",4,0.1,{"v":1.45,"d":"1.5"},4.8,5.8]
["Capim-jaragua",1,{"v":3,"d":"3.0"},{"v":3,"d":"3.0"},{"v":3,"d":"3.0"},{"v":3,"d":"3.0"}]
["Maracuja",3,0.2,{"v":0.87,"d":"0.9"},1.8,2.6]
["Sorgo",1,2.4,2.4,2.4,2.4]
["Horta domestica",5,0.1,{"v":0.36,"d":"0.4"},1.2,1.8]
["Tomate envarado",7,0.1,{"v":0.19,"d":"0.2"},0.5,1.3]
["Pupunha",3,0.1,0.4,{"v":1,"d":"1.0"},1.2]
["Cana-de-acucar finalidade industria",1,{"v":1,"d":"1.0"},{"v":1,"d":"1.0"},{"v":1,"d":"1.0"},{"v":1,"d":"1.0"}]
["Alface",6,0.1,{"v":0.15,"d":"0.2"},0.3,0.9]
["Pimentao",4,0.1,{"v":0.18,"d":"0.2"},0.3,0.7]
["Viveiro de florestais",1,0.6,0.6,0.6,0.6]
["Ervas medicinais e aromaticas",1,0.5,0.5,0.5,0.5]
["Feijao",3,0.1,{"v":0.17,"d":"0.2"},0.2,0.5]
["Feijao-vagem (ou vagem, ou feijao-verde)",3,0.1,{"v":0.13,"d":"0.1"},0.2,0.4]
["Tomate rasteiro",2,0.1,0.2,0.3,0.4]
["Pimenta",3,0.1,0.1,0.1,0.3]
["Cebola",1,0.3,0.3,0.3,0.3]
["Quiabo",1,0.2,0.2,0.2,0.2]
["Berinjela",2,0.1,0.1,0.1,0.2]
["Couve (ou couve-crespa)",1,0.2,0.2,0.2,0.2]
["Capim-napier (ou capim-elefante)",1,0.2,0.2,0.2,0.2]
["Repolho",1,0.2,0.2,0.2,0.2]
["Outras olericolas",1,0.2,0.2,0.2,0.2]
["Fonte: Secretaria de Agricultura e Abastecimento, CDRS/IEA, Projeto LUPA."]